00619nam a2200181Ia 4500008004100000020001500041041001200056082001600068100001400084245007100098260003500169300000900204650001800213700001500231942000700246999001300253952017100266221030s9999 xx 000 0 und d a8186308369 aEnglish a105.23bDal aS. Dalela 0aIndustrial Engineering & Management System Operations & Management bStandard Pub.aNew Delhic1997 a1272 aBE Management aA. Mansoor cBK c902d902 pBE 375g250.00l0o105.23 Dalr2024-06-13 00:00:00w2022-10-30yBK003Print4070aMIETLIBbMIETLIBcBL-Academic Block- A, FL-1, CUP-69, SH-5, R-5d1999-11-1610HBE